000 00700nam a22002057a 4500
003 OSt
005 20251030055001.0
008 251030b |||||||| |||| 00| 0 eng d
020 _a978-8558-08 X
040 _aDWCL-Main lib
_cOC
082 _aFil. 517.2 A774s 1989
100 _aArellano-Carandang, Maria Lourdes
245 _aSolution to problems in mathematics & mechanics vol. 1/
_cMaria Lourdes Arellano-Carandang
260 _aManila,
_b Ken Inc.,
_cc1989.
300 _avol. 1 , 414 pages :
_billustrations ;
_c22cm.
504 _aIncludes bibliographical references
650 _a1. Geometry, differential
650 _a2. Mechanics, analytics
942 _2ddc
_cBK - FIL
_kFil.
_n0
999 _c5332
_d5332